| 000 | 01948nam2a22002891 4500 | ||
|---|---|---|---|
| 001 | RU\NLR\INFOCOMM55\1000000407 | ||
| 005 | 20250617070725.0 | ||
| 035 | _a(NLR Aleph) 002541559 | ||
| 090 |
_a2939406 _c2939406 |
||
| 100 | _a20040514d1970 |||y0rusy50 ca | ||
| 101 | 0 | _arus | |
| 102 | _aRU | ||
| 105 | _ay ||||||||| | ||
| 200 | 1 |
_aСтатистическая обработка однопараметрических экспериментальных кривых, снятых в автоматическом режиме измерений _fВ.Я. Галкин, В.П. Орлин |
|
| 210 |
_d1970 _aБ. м. |
||
| 225 | 1 |
_a... _v№438 _i... _v№135 |
|
| 461 | 0 |
_1001RU\NLR\INFOCOMM55\1000048993 _12001#$aНаучный отчет$fМоск. гос. ун-т им. М.В. Ломоносова. Вычислительный центр$v№438 _92939062 _aМосковский университет им. М.В. Ломоносова. Вычислительный центр _cМ. _d1967- _fМоск. гос. ун-т им. М.В. Ломоносова. Вычислительный центр _tНаучный отчет _v№438 |
|
| 462 | 0 |
_1001RU\NLR\INFOCOMM55\1000000404 _12001#$aНаучный отчет...$iТЗ [Теоретические задачи]$fМоск. гос. ун-т им. М.В. Ломоносова. Вычислит. центр$v№135 _92939379 _aМосковский университет им. М.В. Ломоносова. Вычислительный центр _cМ. _d1968- _fМоск. гос. ун-т им. М.В. Ломоносова. Вычислит. центр _iТЗ [Теоретические задачи] _tНаучный отчет. - Научный отчет... _v№135 |
|
| 700 | 1 |
_aГалкин _bВ.Я. _4070 |
|
| 701 | 1 |
_aОрлин _bВ.П. _4070 |
|
| 801 | 1 |
_aRU _bInfoComm _c20040514 |
|
| 801 | 0 |
_aRU _bNLR _gPSBO |
|
| 852 |
_aNLR _jП8/917 |
||
| 942 | _cISSUE | ||
| 980 | _aNB | ||
| 980 | _aRUSPER | ||